MARC

LEADER 00000nam0a2200000 4500
001 234732
005 20231101231339.0
035 |a (RuTPU)RU\TPU\book\255858 
090 |a 234732 
100 |a 20130328d1890 m y0rusy50 ca 
101 0 |a rus 
102 |a RU 
105 |a y z 000zy 
200 1 |a Прошлое и настоящее Земли  |e геологические очерки  |f В. Д. Соколова 
210 |a Москва  |c Издание В. Н. Маракуева  |d 1890 
215 |a 235 с. 
606 1 |a Геология  |x История  |2 stltpush  |3 (RuTPU)RU\TPU\subj\68097  |9 83634 
610 1 |a Земля 
610 1 |a горообразование 
610 1 |a ледники 
610 1 |a вулканы 
610 1 |a Россия 
610 1 |a Германия 
610 1 |a геологический очерк 
610 1 |a Крым 
610 1 |a геотектоника 
610 1 |a отложения 
675 |a 55(09)  |v 3 
700 1 |a Соколова  |b В. Д. 
801 1 |a RU  |b 63413507  |c 20130328 
801 2 |a RU  |b 63413507  |c 20130516  |g RCR 
942 |c BK